000
00335 a2200157 4500
001
155538
040
_c
Escola São Tomás de Aquino
100
_a
MARIM, Vlademir
240
1
0
_a
Saber matemática
_l
por
245
1
0
_a
Saber matemática
300
_a
288
362
0
_a
2013
440
1
_a
FTD
697
_a
MATEMÁTICA
942
_c
BK
999
_c
155538
_d
155538